[Event "Isle of Man Major Minor"]
[Site "Douglas"]
[Date "2023.10.29"]
[Round "2.5"]
[White "Pert, Nina P"]
[Black "Costello, John"]
[Result "1-0"]
[WhiteElo "2043"]
[BlackElo "1720"]
[PlyCount "107"]
[EventDate "2023.10.28"]
[EventType "swiss"]
[EventRounds "7"]
[EventCountry "IOM"]
[SourceTitle "BritBase"]
[Source "John Saunders"]
[SourceDate "2023.11.12"]
[SourceVersion "1"]
[SourceVersionDate "2023.11.12"]
[SourceQuality "1"]

1. e4 d6 2. d4 Nf6 3. Nc3 g6 4. f3 Nbd7 5. Be3 c6 6. Qd2 b5 7. Bd3 Bg7 8. h4 h5
9. Nh3 b4 10. Ne2 a5 11. Ng5 e5 12. O-O O-O 13. a3 exd4 14. Bf4 Ne5 15. axb4
Nxd3 16. cxd3 c5 17. bxc5 dxc5 18. Rfc1 Qb6 19. Rc4 Ba6 20. Rc2 Bb5 21. Kh1 Nd7
22. Bg3 Qa6 23. Ra3 Rfc8 24. f4 a4 25. Rc1 Qb6 26. Bf2 f6 27. Nf3 Qd6 28. Bg3
Qb6 29. Qd1 Qe6 30. Nd2 Nb6 31. Nf3 Kh8 32. Nd2 Kg8 33. f5 gxf5 34. Nf4 Qf7 35.
exf5 Bd7 36. Ne4 Bxf5 37. Nd6 Bg4 38. Qf1 Qd7 39. Nxc8 Rxc8 40. Qe1 Bh6 41. Qe4
Bf5 42. Qe1 Bxf4 43. Bxf4 Nd5 44. Bd2 Bg4 45. Qf1 Kg7 46. Rca1 Ne3 47. Qf2 Nd1
48. Qg3 Nxb2 49. Bc1 Nd1 50. Rxa4 Qf5 51. Ra7+ Kg6 52. Bf4 Qxd3 53. Qe1 Nc3 54.
Qe7 1-0

[Event "Isle of Man Major Minor"]
[Site "Douglas"]
[Date "2023.10.29"]
[Round "2.6"]
[White "Miah, Zahed"]
[Black "Coote, Trevor D"]
[Result "1/2-1/2"]
[WhiteElo "1802"]
[BlackElo "2001"]
[PlyCount "84"]
[EventDate "2023.10.28"]
[EventType "swiss"]
[EventRounds "7"]
[EventCountry "IOM"]
[SourceTitle "BritBase"]
[Source "John Saunders"]
[SourceDate "2023.11.12"]
[SourceVersion "1"]
[SourceVersionDate "2023.11.12"]
[SourceQuality "1"]

1. d4 Nf6 2. c4 g6 3. Nc3 Bg7 4. e4 d6 5. Be2 O-O 6. Be3 Na6 7. g4 e5 8. d5 Nc5
9. f3 a5 10. h4 Ne8 11. h5 Bf6 12. Qd2 Bh4+ 13. Kd1 g5 14. Nh3 h6 15. Nf2 Bxf2
16. Bxf2 Na6 17. Ke1 Nf6 18. Kf1 Qe7 19. Kg2 Rd8 20. a3 Bd7 21. b3 c5 22. dxc6
bxc6 23. Rab1 c5 24. Rhd1 Bc6 25. Qc2 Rab8 26. Rd2 Nc7 27. Qd1 Ne6 28. Nd5 Nxd5
29. cxd5 Nf4+ 30. Kg3 Bb5 31. Bf1 Qf6 32. Be3 Rb7 33. Rdb2 Rdb8 34. b4 Bxf1 35.
Qxf1 axb4 36. axb4 cxb4 37. Qc4 Qd8 38. Rxb4 Rxb4 39. Rxb4 Rxb4 40. Qxb4 Qc7
41. Qd2 Qc4 42. Bxf4 gxf4+ 1/2-1/2

[Event "Isle of Man Major Minor"]
[Site "Douglas"]
[Date "2023.10.29"]
[Round "2.7"]
[White "Slade, Robin"]
[Black "Prateek, Wadhwa"]
[Result "0-1"]
[WhiteElo "1960"]
[BlackElo "1623"]
[PlyCount "152"]
[EventDate "2023.10.28"]
[EventType "swiss"]
[EventRounds "7"]
[EventCountry "IOM"]
[SourceTitle "BritBase"]
[Source "John Saunders"]
[SourceDate "2023.11.12"]
[SourceVersion "1"]
[SourceVersionDate "2023.11.12"]
[SourceQuality "1"]

1. e4 d6 2. d4 Nf6 3. Nc3 g6 4. Bg5 h6 5. Be3 c6 6. Qd2 b5 7. Bd3 Nbd7 8. Nf3
e5 9. h3 Bb7 10. O-O Bg7 11. Rad1 a6 12. dxe5 dxe5 13. a3 Qe7 14. Rfe1 Nc5 15.
b4 Ncd7 16. Be2 O-O-O 17. Ba7 Kc7 18. Qe3 h5 19. Qc1 Nb6 20. Qb2 Nfd7 21. Qb3
Ra8 22. Bxb6+ Nxb6 23. h4 Bc8 24. Qb2 Be6 25. a4 Nc4 26. Qb1 f6 27. a5 Bh6 28.
Bxc4 Bxc4 29. Nd2 Be6 30. Ne2 Rhd8 31. Nb3 Qxb4 32. Nbd4 Qe7 33. Nxe6+ Qxe6 34.
Qb4 Bf8 35. Qc3 Rxd1 36. Rxd1 Rd8 37. Rxd8 Kxd8 38. Qe3 Qd7 39. Qb6+ Kc8 40.
Qe3 Qd1+ 41. Kh2 Qxc2 42. Qb6 Qc5 43. Qxa6+ Kb8 44. Nc1 b4 45. Qd3 Qxa5 46. Qd7
Qc5 47. Nb3 Qd6 48. Qe8+ Ka7 49. Na5 Ka6 50. Nxc6 Kb6 51. Nb8 Kc7 52. Qb5 Qb6
53. Na6+ Kb7 54. Qd7+ Kxa6 55. Qa4+ Kb7 56. Qd7+ Qc7 57. Qb5+ Ka7 58. Qa4+ Kb6
59. Qb3 Bc5 60. f3 f5 61. Qe6+ Qc6 62. Qg8 fxe4 63. fxe4 Be3 64. Qd8+ Ka7 65.
Qe7+ Qb7 66. Qe8 Bd4 67. Qa4+ Kb8 68. Qe8+ Kc7 69. Qf7+ Kb6 70. Qc4 Qe7 71. g3
Qf8 72. Qe6+ Kb5 73. Qd5+ Qc5 74. Qb3 Qc4 75. Qd1 b3 76. Kh3 Qc8+ 0-1

[Event "Isle of Man Major Minor"]
[Site "Douglas"]
[Date "2023.10.29"]
[Round "2.9"]
[White "Ireland, David J"]
[Black "Dyshliuk, Fedir"]
[Result "1/2-1/2"]
[WhiteElo "1897"]
[BlackElo "1393"]
[PlyCount "166"]
[EventDate "2023.10.28"]
[EventType "swiss"]
[EventRounds "7"]
[EventCountry "IOM"]
[SourceTitle "BritBase"]
[Source "John Saunders"]
[SourceDate "2023.11.12"]
[SourceVersion "1"]
[SourceVersionDate "2023.11.12"]
[SourceQuality "1"]

1. Nf3 d5 2. d4 Nf6 3. Bf4 e6 4. Nbd2 c5 5. c3 Nc6 6. e3 Be7 7. Ne5 Bd6 8. Bd3
Qc7 9. Ndf3 h6 10. h3 O-O 11. O-O Nd7 12. Nxd7 Bxd7 13. Bxd6 Qxd6 14. Qe2 e5
15. dxe5 Nxe5 16. Nxe5 Qxe5 17. e4 dxe4 18. Qxe4 Qxe4 19. Bxe4 Rac8 20. Rad1
Bc6 21. Bxc6 Rxc6 22. Rfe1 Ra6 23. Rd7 Rxa2 24. Rxb7 Ra6 25. Ree7 Rb6 26. Rxb6
axb6 27. Rb7 Ra8 28. Rxb6 Ra1+ 29. Kh2 Rb1 30. Kg3 Kf8 31. Rb7 Ke8 32. Kf3 Kd8
33. Rxf7 Rxb2 34. Rf5 Rb5 35. c4 Ra5 36. Ke4 Ke7 37. Kd5 Ra6 38. g4 Ra3 39. f3
g6 40. Rf4 h5 41. gxh5 gxh5 42. Kxc5 Ke6 43. Rh4 Kf6 44. f4 Ra5+ 45. Kb6 Rf5
46. c5 Ke7 47. Kc6 Ke6 48. Kb6 Kd5 49. c6 Kd6 50. c7 Kd7 51. c8=Q+ Kxc8 52. Kc6
Kd8 53. Kd6 Ke8 54. Ke6 Ra5 55. Kf6 Kf8 56. f5 Ra6+ 57. Kg5 Kg7 58. Rxh5 Ra5
59. Rh4 Ra3 60. f6+ Kf7 61. Rh7+ Kg8 62. Rg7+ Kf8 63. h4 Rg3+ 64. Kh6 Rf3 65.
Kg6 Rg3+ 66. Kh7 Rf3 67. Rg6 Kf7 68. Rg7+ Kxf6 69. h5 Rh3 70. h6 Rh1 71. Rg2
Kf7 72. Rf2+ Ke7 73. Kg7 Rg1+ 74. Kh8 Rh1 75. h7 Rg1 76. Ra2 Kf7 77. Ra7+ Kf8
78. Ra8+ Kf7 79. Rg8 Rd1 80. Ra8 Rg1 81. Rg8 Rf1 82. Rg7+ Kf6 83. Rg8 Kf7
1/2-1/2

[Event "Isle of Man Major Minor"]
[Site "Douglas"]
[Date "2023.10.29"]
[Round "2.10"]
[White "Cross, Kyle"]
[Black "Walton, Alan J"]
[Result "0-1"]
[WhiteElo "1664"]
[BlackElo "2051"]
[PlyCount "72"]
[EventDate "2023.10.28"]
[EventType "swiss"]
[EventRounds "7"]
[EventCountry "IOM"]
[SourceTitle "BritBase"]
[Source "John Saunders"]
[SourceDate "2023.11.12"]
[SourceVersion "1"]
[SourceVersionDate "2023.11.12"]
[SourceQuality "1"]

1. c4 f5 2. Nc3 Nf6 3. Nf3 d6 4. d4 e6 5. g3 Be7 6. Bg2 O-O 7. O-O Ne4 8. Qc2
Nxc3 9. Qxc3 a5 10. a4 Bf6 11. e3 Nc6 12. Bd2 e5 13. dxe5 dxe5 14. Qc2 Be6 15.
Rad1 Qe7 16. b3 e4 17. Ne1 Nb4 18. Bxb4 Qxb4 19. f3 exf3 20. Bxf3 Qb6 21. Ng2
Rae8 22. Kh1 c6 23. e4 Be5 24. exf5 Bxf5 25. Qa2 Bh3 26. Rf2 Bd4 27. c5 Qb4 28.
Rfd2 Rxf3 29. Nf4 Rxf4 30. gxf4 Bxc5 31. Qc2 Qe4+ 32. Qxe4 Rxe4 33. Rd3 Bf5 34.
Rc3 h6 35. Rf1 Re2 36. Rg3 Be4+ 0-1

[Event "Isle of Man Major Minor"]
[Site "Douglas"]
[Date "2023.10.29"]
[Round "2.11"]
[White "Berendsen, David"]
[Black "Watkinson, Colin"]
[Result "1-0"]
[WhiteElo "1805"]
[BlackElo "1547"]
[PlyCount "63"]
[EventDate "2023.10.28"]
[EventType "swiss"]
[EventRounds "7"]
[EventCountry "IOM"]
[SourceTitle "BritBase"]
[Source "John Saunders"]
[SourceDate "2023.11.12"]
[SourceVersion "1"]
[SourceVersionDate "2023.11.12"]
[SourceQuality "1"]

1. c4 e5 2. g3 Nf6 3. Nc3 Bc5 4. Bg2 O-O 5. e3 Nc6 6. Nge2 d6 7. O-O Re8 8. d4
exd4 9. exd4 Bb4 10. h3 Bxc3 11. Nxc3 Rb8 12. g4 Nd7 13. Ne4 h6 14. g5 Rxe4 15.
Bxe4 hxg5 16. Re1 Nf8 17. Qh5 Nxd4 18. Bxg5 Qd7 19. Rad1 c5 20. Rd3 Nfe6 21.
Bf5 g6 22. Bxe6 Nxe6 23. Qh6 Nxg5 24. Qxg5 b5 25. Qf6 Bb7 26. Re7 Qf5 27. Qxf5
gxf5 28. cxb5 c4 29. Rxd6 Be4 30. a4 Kg7 31. f4 Rc8 32. Rdd7 1-0

[Event "Isle of Man Major Minor"]
[Site "Douglas"]
[Date "2023.10.29"]
[Round "2.12"]
[White "Wynarczyk, Raymond"]
[Black "Dunkley, David"]
[Result "1-0"]
[WhiteElo "1676"]
[BlackElo "1270"]
[PlyCount "36"]
[EventDate "2023.10.28"]
[EventType "swiss"]
[EventRounds "7"]
[EventCountry "IOM"]
[SourceTitle "BritBase"]
[Source "John Saunders"]
[SourceDate "2023.11.12"]
[SourceVersion "1"]
[SourceVersionDate "2023.11.12"]
[SourceQuality "1"]

1. e4 c6 2. d4 d5 3. Nc3 e6 4. Nf3 Bb4 5. e5 Bxc3+ 6. bxc3 Ne7 7. Bd3 h6 8. a4
a5 9. Ba3 b6 10. O-O Ba6 11. Nh4 Bxd3 12. Qxd3 Nf5 13. Nxf5 exf5 14. Qxf5 Qg5
15. Qc8+ Qd8 16. Qb7 Nd7 17. Qxc6 Rc8 18. Qxd5 h5 1-0

[Event "Isle of Man Major Minor"]
[Site "Douglas"]
[Date "2023.10.29"]
[Round "2.13"]
[White "Allen, Keith"]
[Black "Smith, Paul"]
[Result "1-0"]
[WhiteElo "2128"]
[BlackElo "1653"]
[PlyCount "119"]
[EventDate "2023.10.28"]
[EventType "swiss"]
[EventRounds "7"]
[EventCountry "IOM"]
[SourceTitle "BritBase"]
[Source "John Saunders"]
[SourceDate "2023.11.12"]
[SourceVersion "1"]
[SourceVersionDate "2023.11.12"]
[SourceQuality "1"]

1. e4 c5 2. Nf3 d6 3. d4 cxd4 4. Qxd4 a6 5. c4 Nc6 6. Qd1 g6 7. Nc3 Bg7 8. Be2
Nf6 9. h3 Bd7 10. Be3 Rc8 11. Rc1 O-O 12. O-O Nb8 13. Bd3 Bc6 14. Nd4 Bd7 15.
f4 Nc6 16. Nf3 e5 17. Qd2 Qa5 18. Qf2 exf4 19. Bxf4 Ne8 20. Rfd1 Be6 21. Nd5
Bxd5 22. cxd5 Ne7 23. Bg5 Rxc1 24. Rxc1 f6 25. Bd2 Qd8 26. Nd4 Qb6 27. Be3 Qa5
28. Ne6 Rf7 29. a3 Qa4 30. Nd8 Rf8 31. Ne6 Rf7 32. Nd8 Rf8 33. Bd4 Qd7 34. Ne6
Rf7 35. Qh4 Bh8 36. b3 g5 37. Qg4 Ng6 38. g3 Ne5 39. Bxe5 dxe5 40. Qf3 Bg7 41.
Be2 Bf8 42. b4 Bd6 43. Qe3 Ng7 44. Kg2 Nxe6 45. dxe6 Qxe6 46. Bc4 Qe7 47. Qd3
Kg7 48. Bxf7 Kxf7 49. Qd5+ Kg7 50. Rd1 Bb8 51. Qd8 Qxd8 52. Rxd8 Ba7 53. Rd7+
Kg6 54. Rxb7 Bd4 55. g4 h5 56. a4 hxg4 57. hxg4 Kh6 58. a5 Kg6 59. b5 axb5 60.
a6 1-0

[Event "Isle of Man Major Minor"]
[Site "Douglas"]
[Date "2023.10.29"]
[Round "2.14"]
[White "Waddington, Michael P"]
[Black "Woodard, Brian"]
[Result "1-0"]
[WhiteElo "1931"]
[BlackElo "1649"]
[PlyCount "131"]
[EventDate "2023.10.28"]
[EventType "swiss"]
[EventRounds "7"]
[EventCountry "IOM"]
[SourceTitle "BritBase"]
[Source "John Saunders"]
[SourceDate "2023.11.12"]
[SourceVersion "1"]
[SourceVersionDate "2023.11.12"]
[SourceQuality "1"]

1. Nc3 d6 2. e4 Nf6 3. g3 e5 4. Bg2 g6 5. Nge2 Bg7 6. O-O O-O 7. f4 Nc6 8. d3
Bg4 9. Qe1 Qd7 10. fxe5 dxe5 11. Bg5 Ne8 12. Nd5 f6 13. Be3 Bxe2 14. Qxe2 Ne7
15. Bc5 Nd6 16. c4 c6 17. Bh3 Qd8 18. Nxe7+ Qxe7 19. b4 b6 20. Be3 Nf7 21. Rab1
Rad8 22. a4 Rb8 23. a5 Qc7 24. axb6 axb6 25. c5 b5 26. Be6 Kh8 27. Ra1 Ra8 28.
Ra2 Qe7 29. Rfa1 Rxa2 30. Qxa2 Nd8 31. Bh3 h5 32. Qa7 Qxa7 33. Rxa7 Re8 34. Ra8
Rf8 35. Rc8 Kh7 36. Bd7 g5 37. h4 gxh4 38. gxh4 Rg8 39. Kf1 Rf8 40. Ke1 Kh8 41.
Kd2 Kh7 42. Kc2 Kg8 43. Bxc6 Nxc6 44. Rxc6 f5 45. exf5 Rxf5 46. Rb6 Kf7 47.
Rb7+ Kg6 48. Rxb5 Rf8 49. Rb6+ Kf5 50. Bg5 e4 51. dxe4+ Kxe4 52. Kb3 Kd5 53.
Rd6+ Ke4 54. Kc4 Be5 55. Rd1 Rc8 56. b5 Bc7 57. Re1+ Kf5 58. Rf1+ Ke4 59. Rf7
Bb6 60. Re7+ Kf5 61. c6 Bg1 62. Rd7 Ke6 63. Rd8 Rxd8 64. Bxd8 Bf2 65. b6 Bg3
66. b7 1-0

[Event "Isle of Man Major Minor"]
[Site "Douglas"]
[Date "2023.10.29"]
[Round "2.15"]
[White "Fleming, Andrew S J"]
[Black "Griffin, John"]
[Result "1-0"]
[WhiteElo "1872"]
[BlackElo "1646"]
[PlyCount "87"]
[EventDate "2023.10.28"]
[EventType "swiss"]
[EventRounds "7"]
[EventCountry "IOM"]
[SourceTitle "BritBase"]
[Source "John Saunders"]
[SourceDate "2023.11.12"]
[SourceVersion "1"]
[SourceVersionDate "2023.11.12"]
[SourceQuality "1"]

1. e4 e6 2. d4 d5 3. Nc3 Bb4 4. e5 c5 5. Bd2 cxd4 6. Nb5 Bc5 7. Qg4 g6 8. b4
Be7 9. Nf3 a6 10. Nbxd4 f5 11. Qg3 Qb6 12. a3 Nc6 13. c3 Bd7 14. Bd3 Qc7 15.
O-O O-O-O 16. Rfe1 Bf8 17. Ng5 Bg7 18. Ngxe6 Bxe5 19. f4 Bxe6 20. Nxe6 Qb6+ 21.
Be3 d4 22. cxd4 Bxd4 23. Nxd8 Kxd8 24. Bxd4 Nxd4 25. Qe3 Qd6 26. Rad1 Kc7 27.
Bb1 Ne2+ 28. Qxe2 Qxf4 29. Qe5+ Qxe5 30. Rxe5 Nf6 31. Re2 Kb8 32. h3 Rc8 33.
Re7 Ne4 34. Bxe4 fxe4 35. Rxh7 Rc3 36. a4 Rb3 37. Rd4 e3 38. Re7 Rb1+ 39. Kh2
Re1 40. Rde4 Rb1 41. Rxe3 Rxb4 42. R3e4 a5 43. Rxb4 axb4 44. Re4 1-0

[Event "Isle of Man Major Minor"]
[Site "Douglas"]
[Date "2023.10.29"]
[Round "2.16"]
[White "Allen, John P"]
[Black "Cross, Glenn"]
[Result "0-1"]
[WhiteElo "1598"]
[BlackElo "1742"]
[PlyCount "126"]
[EventDate "2023.10.28"]
[EventType "swiss"]
[EventRounds "7"]
[EventCountry "IOM"]
[SourceTitle "BritBase"]
[Source "John Saunders"]
[SourceDate "2023.11.12"]
[SourceVersion "1"]
[SourceVersionDate "2023.11.12"]
[SourceQuality "1"]

1. Nf3 Nf6 2. g3 d5 3. Bg2 Bf5 4. c4 c6 5. Qb3 Qb6 6. Qxb6 axb6 7. b3 Bxb1 8.
Rxb1 Rxa2 9. O-O e6 10. d3 Bb4 11. Be3 Nbd7 12. Ra1 Ra5 13. Bd4 O-O 14. Rab1
Rfa8 15. Rfe1 Ra2 16. Ra1 Nc5 17. Rxa2 Rxa2 18. cxd5 exd5 19. Kf1 Nxb3 20. Rb1
Nxd4 21. Nxd4 Bc3 22. Nf5 Ne8 23. Bf3 Ra1 24. Rxa1 Bxa1 25. e4 dxe4 26. Bxe4 g6
27. Ne3 Nd6 28. Bf3 b5 29. Ke2 Kf8 30. Kd2 Ke7 31. Nc2 Bg7 32. d4 Kd7 33. Kd3
b6 34. Nb4 c5 35. Nc6 b4 36. Nb8+ Kc8 37. Nc6 Kc7 38. dxc5 bxc5 39. Na5 Bd4 40.
Bd5 Bxf2 41. Nc4 f6 42. g4 Nb5 43. Nd2 Nc3 44. Bg8 h6 45. Ne4 Nxe4 46. Kxe4 Kb6
47. Kd3 Kb5 48. Bb3 f5 49. gxf5 gxf5 50. Be6 f4 51. Bd7+ Kb6 52. Be6 Bd4 53.
Bg4 b3 54. Bd1 b2 55. Kc2 Kc6 56. Bf3+ Kd6 57. Be4 Ke5 58. Bd3 f3 59. Kd1 Kf4
60. Kd2 c4 61. Bc2 Kg4 62. Be4 f2 63. Ke2 Kh3 0-1

[Event "Isle of Man Major Minor"]
[Site "Douglas"]
[Date "2023.10.29"]
[Round "2.17"]
[White "Landenberger, Anja Kathrin"]
[Black "Armstrong, Chris"]
[Result "1-0"]
[WhiteElo "1732"]
[BlackElo "1485"]
[PlyCount "99"]
[EventDate "2023.10.28"]
[EventType "swiss"]
[EventRounds "7"]
[EventCountry "IOM"]
[SourceTitle "BritBase"]
[Source "John Saunders"]
[SourceDate "2023.11.12"]
[SourceVersion "1"]
[SourceVersionDate "2023.11.12"]
[SourceQuality "1"]

1. d4 Nf6 2. Nf3 e6 3. Bf4 b6 4. e3 Bb7 5. Nbd2 Be7 6. h3 O-O 7. c3 c5 8. Be2
cxd4 9. cxd4 d6 10. O-O Nbd7 11. Qa4 a6 12. Rfc1 b5 13. Qd1 Qb6 14. Rc2 Rac8
15. Rac1 Rxc2 16. Rxc2 Rc8 17. Bd3 Rxc2 18. Qxc2 Qc6 19. Kf1 Qxc2 20. Bxc2 h6
21. Bh2 Nb6 22. Bd3 Nbd5 23. Ne1 Nb4 24. Bb1 a5 25. Nd3 Nxd3 26. Bxd3 Bc6 27.
Nb3 a4 28. Nd2 Nd7 29. f3 f5 30. Ke2 g6 31. g4 Kf7 32. Nb1 b4 33. Nd2 Kf6 34.
Nc4 e5 35. dxe5+ dxe5 36. Na5 Bd5 37. Bc4 Nb6 38. Bxd5 Nxd5 39. Nc4 f4 40. e4
Nc7 41. Bg1 Nb5 42. Nb6 a3 43. Nd5+ Ke6 44. bxa3 bxa3 45. Nxe7 Kxe7 46. Bc5+
Kd7 47. Kd3 Kc7 48. Kc4 Kc6 49. h4 h5 50. g5 1-0

[Event "Isle of Man Major Minor"]
[Site "Douglas"]
[Date "2023.10.29"]
[Round "2.19"]
[White "Jackson, Antony"]
[Black "Carr, Jay A"]
[Result "0-1"]
[WhiteElo "1366"]
[BlackElo "1683"]
[PlyCount "110"]
[EventDate "2023.10.28"]
[EventType "swiss"]
[EventRounds "7"]
[EventCountry "IOM"]
[SourceTitle "BritBase"]
[Source "John Saunders"]
[SourceDate "2023.11.12"]
[SourceVersion "1"]
[SourceVersionDate "2023.11.12"]
[SourceQuality "1"]

1. e4 c5 2. Nf3 e6 3. d4 cxd4 4. Nxd4 Nc6 5. Nxc6 bxc6 6. e5 Qa5+ 7. Bd2 Qxe5+
8. Be2 Ba6 9. Bc3 Qxe2+ 10. Qxe2 Bxe2 11. Kxe2 f6 12. Nd2 d5 13. b3 Bd6 14.
Rhe1 Kf7 15. Rad1 Ne7 16. Ne4 Bxh2 17. Nd2 Bc7 18. Bb4 Bb6 19. Ba3 Nf5 20. c3
Rad8 21. g4 Nd6 22. f3 Nb5 23. Bb2 d4 24. Rc1 dxc3 25. Bxc3 Nxc3+ 26. Rxc3 Ba5
27. Rc2 Rxd2+ 28. Rxd2 Bxd2 29. Kxd2 Rd8+ 30. Kc3 e5 31. Re4 g6 32. b4 Rd4 33.
Rxd4 exd4+ 34. Kxd4 h5 35. Kc5 h4 36. Kxc6 h3 37. Kb7 h2 38. Kxa7 h1=Q 39. a4
Qa1 40. Kb6 Qxa4 41. b5 Qa8 42. f4 Qb8+ 43. Ka6 Ke6 44. Ka5 Qxf4 45. b6 Qb8 46.
Kb5 f5 47. g5 f4 48. Kc4 Qxb6 49. Kd3 Qe3+ 50. Kc4 f3 51. Kb5 Qc3 52. Ka4 Qb2
53. Ka5 Kd5 54. Ka4 Kc4 55. Ka5 Qb5# 0-1

[Event "Isle of Man Major Minor"]
[Site "Douglas"]
[Date "2023.10.30"]
[Round "3.1"]
[White "Sipos, Silvester"]
[Black "Nicholas, Koichi B"]
[Result "0-1"]
[WhiteElo "1950"]
[BlackElo "2139"]
[PlyCount "94"]
[EventDate "2023.10.28"]
[EventType "swiss"]
[EventRounds "7"]
[EventCountry "IOM"]
[SourceTitle "BritBase"]
[Source "John Saunders"]
[SourceDate "2023.11.12"]
[SourceVersion "1"]
[SourceVersionDate "2023.11.12"]
[SourceQuality "1"]

1. e4 e5 2. Nf3 Nc6 3. Bb5 a6 4. Ba4 Nf6 5. O-O Be7 6. Re1 b5 7. Bb3 O-O 8. c3
d5 9. d3 dxe4 10. dxe4 Qxd1 11. Bxd1 h6 12. h3 Be6 13. Nbd2 Nd7 14. Bb3 Bxb3
15. Nxb3 Nb6 16. Be3 Nc4 17. Rab1 Nxe3 18. Rxe3 Rfd8 19. Kf1 a5 20. Nbd2 Rd7
21. Ree1 Rad8 22. Rbd1 Bc5 23. Ke2 Kf8 24. a4 bxa4 25. Nc4 Rxd1 26. Rxd1 Rxd1
27. Kxd1 Bxf2 28. Nfxe5 Nxe5 29. Nxe5 Ke7 30. Nd3 Bb6 31. Ke2 Ke6 32. Kf3 Kd6
33. Ke2 Bc5 34. Kd2 a3 35. bxa3 Bxa3 36. Kc2 Bc5 37. Kb3 Bb6 38. Kc4 c6 39. g4
Ke6 40. h4 Kd6 41. Kb3 Bd8 42. h5 Ke6 43. c4 Kf6 44. Kc3 Bc7 45. Kd4 Bb6+ 46.
c5 Bc7 47. Kc4 Kg5 0-1

[Event "Isle of Man Major Minor"]
[Site "Douglas"]
[Date "2023.10.30"]
[Round "3.2"]
[White "Spence, David J"]
[Black "Pert, Nina P"]
[Result "1-0"]
[WhiteElo "2133"]
[BlackElo "2043"]
[PlyCount "69"]
[EventDate "2023.10.28"]
[EventType "swiss"]
[EventRounds "7"]
[EventCountry "IOM"]
[SourceTitle "BritBase"]
[Source "John Saunders"]
[SourceDate "2023.11.12"]
[SourceVersion "1"]
[SourceVersionDate "2023.11.12"]
[SourceQuality "1"]

1. e4 d5 2. exd5 c6 3. dxc6 Nxc6 4. Nf3 e5 5. Nc3 Nf6 6. Bb5 Bd6 7. d4 e4 8.
Ne5 O-O 9. Bxc6 bxc6 10. Bg5 Re8 11. Bxf6 gxf6 12. Nc4 Bc7 13. Qd2 Be6 14. Ne3
Ba5 15. a3 f5 16. g3 Qf6 17. b4 Bb6 18. Ne2 a5 19. Rd1 Red8 20. c3 axb4 21.
axb4 Ra2 22. Qc1 Rda8 23. Nf4 Bb3 24. O-O Bc7 25. Rd2 Bxf4 26. Rxa2 Bxa2 27.
gxf4 Kf8 28. Kh1 Be6 29. b5 cxb5 30. Qb2 Bd7 31. Rg1 Ra4 32. c4 bxc4 33. Qb8+
Be8 34. Nd5 Qc6 35. Qe5 1-0

[Event "Isle of Man Major Minor"]
[Site "Douglas"]
[Date "2023.10.30"]
[Round "3.3"]
[White "Narva, Triin"]
[Black "Prateek, Wadhwa"]
[Result "1-0"]
[WhiteElo "2093"]
[BlackElo "1623"]
[PlyCount "67"]
[EventDate "2023.10.28"]
[EventType "swiss"]
[EventRounds "7"]
[EventCountry "IOM"]
[SourceTitle "BritBase"]
[Source "John Saunders"]
[SourceDate "2023.11.12"]
[SourceVersion "1"]
[SourceVersionDate "2023.11.12"]
[SourceQuality "1"]

1. e4 d6 2. d4 Nf6 3. Nc3 g6 4. Nf3 c6 5. a4 Bg7 6. Be2 Bg4 7. h3 Bxf3 8. Bxf3
Nbd7 9. g4 h5 10. g5 Ng8 11. Ne2 e6 12. Bg2 d5 13. f3 Ne7 14. O-O O-O 15. Kh1
Rc8 16. c3 Nb6 17. b3 Nd7 18. Ba3 c5 19. Ra2 Qc7 20. Bc1 cxd4 21. cxd4 Nc6 22.
Ba3 Rfe8 23. exd5 exd5 24. f4 Nb6 25. f5 Rxe2 26. Rxe2 Nxd4 27. Re7 Qc3 28.
fxg6 fxg6 29. a5 Nf5 30. Rxf5 gxf5 31. axb6 Rd8 32. Bxd5+ Rxd5 33. Qxd5+ Kh8
34. Re8+ 1-0

[Event "Isle of Man Major Minor"]
[Site "Douglas"]
[Date "2023.10.30"]
[Round "3.4"]
[White "Dyshliuk, Fedir"]
[Black "Jackson, Oliver A"]
[Result "1/2-1/2"]
[WhiteElo "1393"]
[BlackElo "2072"]
[PlyCount "49"]
[EventDate "2023.10.28"]
[EventType "swiss"]
[EventRounds "7"]
[EventCountry "IOM"]
[SourceTitle "BritBase"]
[Source "John Saunders"]
[SourceDate "2023.11.12"]
[SourceVersion "1"]
[SourceVersionDate "2023.11.12"]
[SourceQuality "1"]

1. e4 c5 2. Nf3 e6 3. b3 Nf6 4. e5 Nd5 5. Bb2 Nc6 6. g3 b6 7. Bg2 Bb7 8. O-O
Qc7 9. Re1 f5 10. Nc3 Nxc3 11. Bxc3 Be7 12. d4 O-O-O 13. a3 g5 14. dxc5 bxc5
15. b4 g4 16. Nd2 f4 17. b5 Nd4 18. Bxb7+ Qxb7 19. Bxd4 cxd4 20. Qxg4 Rdf8 21.
Qe2 fxg3 22. hxg3 Rf5 23. Qe4 Rhf8 24. Qxb7+ Kxb7 25. Re2 1/2-1/2

[Event "Isle of Man Major Minor"]
[Site "Douglas"]
[Date "2023.10.30"]
[Round "3.5"]
[White "Walton, Alan J"]
[Black "Miah, Zahed"]
[Result "1-0"]
[WhiteElo "2051"]
[BlackElo "1802"]
[PlyCount "85"]
[EventDate "2023.10.28"]
[EventType "swiss"]
[EventRounds "7"]
[EventCountry "IOM"]
[SourceTitle "BritBase"]
[Source "John Saunders"]
[SourceDate "2023.11.12"]
[SourceVersion "1"]
[SourceVersionDate "2023.11.12"]
[SourceQuality "1"]

1. d4 Nf6 2. Bg5 d5 3. e3 e6 4. Bd3 c5 5. c3 Nc6 6. Nf3 h6 7. Bh4 Be7 8. Nbd2
cxd4 9. exd4 Qc7 10. Qe2 O-O 11. O-O a6 12. Rfe1 b5 13. Ne5 Na5 14. Nf1 Nc4 15.
Rac1 Bb7 16. Bb1 Nxe5 17. Bg3 Nfd7 18. dxe5 Rfd8 19. Ne3 Bg5 20. f4 Be7 21. Kh1
Rac8 22. f5 Bg5 23. h4 Bxe3 24. Qxe3 Qc5 25. Qe2 Qc6 26. Rcd1 Nc5 27. f6 g6 28.
Rd4 Qe8 29. Bf4 Kh7 30. Qe3 Qf8 31. Red1 h5 32. Qd2 Rc7 33. Qe2 Kh8 34. g4 hxg4
35. Qxg4 Qg8 36. Bh6 Qh7 37. Bg7+ Kg8 38. h5 Qxh5+ 39. Qxh5 gxh5 40. Rg1 Rdc8
41. Rg5 Ne4 42. Bxe4 dxe4 43. Rxh5 1-0

[Event "Isle of Man Major Minor"]
[Site "Douglas"]
[Date "2023.10.30"]
[Round "3.6"]
[White "Coote, Trevor D"]
[Black "Wynarczyk, Raymond"]
[Result "1/2-1/2"]
[WhiteElo "2001"]
[BlackElo "1676"]
[PlyCount "111"]
[EventDate "2023.10.28"]
[EventType "swiss"]
[EventRounds "7"]
[EventCountry "IOM"]
[SourceTitle "BritBase"]
[Source "John Saunders"]
[SourceDate "2023.11.12"]
[SourceVersion "1"]
[SourceVersionDate "2023.11.12"]
[SourceQuality "1"]

1. d4 d5 2. e4 dxe4 3. Nc3 Nf6 4. f3 exf3 5. Nxf3 g6 6. Bc4 Bg7 7. O-O O-O 8.
Bg5 Bg4 9. Qd2 Nc6 10. Rad1 a6 11. a4 Qd7 12. Bh6 Bxf3 13. Rxf3 Qxd4+ 14. Qxd4
Nxd4 15. Rxf6 Bxh6 16. Rff1 Nxc2 17. Nd5 Ne3 18. Nxe3 Bxe3+ 19. Kh1 e6 20. Rd7
Bb6 21. b4 Rad8 22. Rfxf7 Rxf7 23. Rxd8+ Kg7 24. a5 Rf4 25. Be2 Rd4 26. Rxd4
Bxd4 27. b5 axb5 28. Bxb5 c6 29. Bc4 Kf6 30. g4 g5 31. Kg2 Ke5 32. Kf3 Bc3 33.
a6 bxa6 34. Bxa6 Kd4 35. Bb7 c5 36. Ke2 c4 37. Kf3 Bb4 38. Be4 h6 39. Bg6 Bd6
40. h3 Bf4 41. Bh7 Kc3 42. Ke2 e5 43. Bf5 Kd4 44. Kf3 c3 45. Bc2 Bd2 46. Bf5
Kc4 47. Ke2 Kb3 48. Kd1 Bf4 49. Bg6 Kc4 50. Ke2 Kd4 51. Kf3 Bc1 52. Bf5 Kc4 53.
Ke2 Ba3 54. Bc2 Bc5 55. Bf5 Bg1 56. Bc2 1/2-1/2